[Event "WJCC U20 Girls 2019"]
[Site "New Delhi"]
[Date "2019.10.22"]
[Round "8.11"]
[White "Arpita, Mukherjee"]
[Black "Potluri Supreetha"]
[Result "1/2-1/2"]
[WhiteElo "2271"]
[BlackElo "1767"]
[Annotator "RC"]
[PlyCount "106"]
[EventDate "2019.10.15"]
[EventType "swiss"]
[EventCountry "IND"]
[SourceTitle "playchess.com"]
[Source "ChessBase"]
[SourceQuality "1"]
[TimeControl "40/5400+30:1800+30"]

1. d4 {[%emt 0:00:40]} Nf6 {[%emt 0:00:00]} 2. Bf4 {[%emt 0:00:24]} g6 {[%emt 0:00:00]} 3. Nc3 {[%emt 0:00:21]} d5 {[%emt 0:00:04]} 4. Qd2 {[%emt 0:00:36]} Bg7 {[%emt 0:00:50]} 5. Bh6 {[%emt 0:00:25]} O-O {[%emt 0:01:27]} 6. Bxg7 {[%emt 0:01:08]} Kxg7 {[%emt 0:00:04]} 7. O-O-O {[%emt 0:00:21]} c6 {[%emt 0:05:33]} 8. f3 {[%emt 0:00:21]} Qc7 {[%emt 0:20:44]} 9. e4 {[%emt 0:03:24]} dxe4 {[%emt 0:20:00]} 10. fxe4 {[%emt 0:01:15]} e5 {[%emt 0:03:09]} 11. dxe5 {[%emt 0:02:13]} Ng4 {[%emt 0:00:30]} 12. Nf3 {[%emt 0:02:00]} Nxe5 {[%emt 0:06:15]} 13. Nd4 {[%emt 0:05:35]} Nbd7 {[%emt 0:12:48]} 14. Be2 {[%emt 0:01:15]} b5 {[%emt 0:13:15]} 15. Qg5 {[%emt 0:11:12]} b4 {[%emt 0:10:11]} 16. Qe7 {[%emt 0:12:30]} Kg8 {[%emt 0:00:11]} 17. Nb1 {[%emt 0:03:27]} Qd8 {[%emt 0:02:04]} 18. Qxd8 {[%emt 0:02:40]} Rxd8 {[%emt 0:00:02]} 19. Nb3 {[%emt 0:01:48]} a5 {[%emt 0:01:27]} 20. Rd6 {[%emt 0:02:15]} Re8 {[%emt 0:00:44]} 21. N1d2 {[%emt 0:01:35]} c5 {[%emt 0:00:34]} 22. Bb5 {[%emt 0:07:29]} Rb8 {[%emt 0:00:33]} 23. Bxd7 {[%emt 0:02:28]} Nxd7 {[%emt 0:00:30]} 24. Nxa5 {[%emt 0:00:54]} Ra8 {[%emt 0:00:12]} 25. Ndc4 {[%emt 0:00:57]} Ne5 {[%emt 0:00:43]} 26. Kb1 {[%emt 0:12:04]} Nxc4 {[%emt 0:00:33]} 27. Nxc4 {[%emt 0:00:12]} Be6 {[%emt 0:00:25]} 28. Nb6 {[%emt 0:07:13]} Ra6 {[%emt 0:00:38]} 29. Rhd1 {[%emt 0:03:05]} Kg7 {[%emt 0:00:28]} 30. b3 {[%emt 0:03:17]} Rb8 {[%emt 0:00:32]} 31. Na4 {[%emt 0:01:18]} Rxd6 {[%emt 0:00:19]} 32. Rxd6 {[%emt 0:00:13]} Rc8 {[%emt 0:00:33]} 33. Nb6 {[%emt 0:06:25]} Re8 {[%emt 0:00:36]} 34. e5 {[%emt 0:01:36]} g5 {[%emt 0:00:25]} 35. Rc6 {[%emt 0:00:22]} Rd8 {[%emt 0:00:32]} 36. Kc1 {[%emt 0:01:14]} Bg4 {[%emt 0:00:07]} 37. Rxc5 {[%emt 0:02:00]} Rd1+ {[%emt 0:00:02]} 38. Kb2 {[%emt 0:00:01]} Be6 {[%emt 0:00:28]} 39. Rb5 {[%emt 0:01:30]} Rd2 {[%emt 0:01:22]} 40. Rxb4 {[%emt 0:01:01]} Rxg2 {[%emt 0:00:06]} 41. a4 {[%emt 0:02:03]} Rxh2 {[%emt 0:09:02]} 42. a5 {[%emt 0:02:21]} g4 {[%emt 0:01:37]} 43. a6 {[%emt 0:01:32]} g3 {[%emt 0:00:58]} 44. a7 {[%emt 0:00:48]} g2 {[%emt 0:00:16]} 45. a8=Q {[%emt 0:00:18]} g1=Q {[%emt 0:00:10]} 46. Qd8 {[%emt 0:05:11]} Rxc2+ {[%emt 0:10:18]} 47. Kxc2 {[%emt 0:02:20]} Bf5+ {[%emt 0:00:12]} 48. Kd2 {[%emt 0:01:42]} Qf2+ {[%emt 0:00:08]} 49. Kd1 {[%emt 0:00:12]} Qf1+ {[%emt 0:00:11]} 50. Kd2 {[%emt 0:00:07]} Qf2+ {[%emt 0:00:10]} 51. Kd1 {[%emt 0:00:08]} Qf1+ {[%emt 0:00:14]} 52. Kd2 {[%emt 0:00:05]} Qf2+ {[%emt 0:00:05]} 53. Kd1 {[%emt 0:00:03]} Qf1+ {[%emt 0:00:10]} 1/2-1/2

[Event "WJCC U20 Girls 2019"]
[Site "New Delhi"]
[Date "2019.10.22"]
[Round "8.12"]
[White "Sapale Saloni"]
[Black "Protopopova, Anastasiya"]
[Result "0-1"]
[WhiteElo "2142"]
[BlackElo "2263"]
[Annotator "TA"]
[PlyCount "56"]
[EventDate "2019.10.15"]
[EventType "swiss"]
[EventCountry "IND"]
[SourceTitle "playchess.com"]
[Source "ChessBase"]
[SourceQuality "1"]

{[%evp 11,66,-6,18,6,8,-19,-7,-45,12,-54,-11,-53,-39,-67,-51,-99,-106,-106,-56,-72,-67,-100,-103,-192,-195,-202,-191,-244,-231,-249,-185,-168,-185,-202,-201,-212,-197,-254,-249,-378,-364,-467,-459,-465,-453,-445,-434,-429,-455,-1012,-1010,-989,-953,-1482,-1482,-1404,-1401]} 1. e4 c5 2. Nf3 d6 3. d4 cxd4 4. Nxd4 Nf6 5. Nc3 a6 6. f4 g6 (6... e5 $5 {[%cal Re5d4]} 7. Nf3 Nc6 $11) 7. a4 {B93: Sicilian Najdorf: 6 f4} (7. Be2 Bg7 8. O-O O-O 9. Kh1 Nbd7 10. a4 Re8 11. a5 Nc5 12. Bf3 e5 13. Nb3 Nxb3 14. cxb3 b5 15. axb6 Qxb6 16. f5 d5 17. fxg6 hxg6 18. exd5 {1-0 (47) Smirin,I (2650)-Zhigalko,A (2572) Jerusalem 2015}) 7... Bg7 8. Bc4 O-O 9. Qe2 $146 {The position is equal.} ({Predecessor:} 9. a5 Nxe4 10. Bxf7+ Rxf7 11. Nxe4 Nc6 12. Nb3 {0-1 (29) Kozma,E (1963)-Kincs,I (2154) Balatonboglar 2016}) 9... Qb6 (9... Bg4 $15 10. Qd3 e5) 10. Nf3 ({Better is} 10. a5 $1 $11 Qxd4 11. Be3) 10... e6 11. a5 Qc7 $1 12. O-O Nc6 13. Be3 Nxa5 14. Bd3 Nc6 15. h3 Rb8 16. g4 b5 17. g5 {[#]} (17. Qf2 $17) 17... Nh5 $1 $19 18. Qf2 Nb4 19. Nd1 (19. Rac1 {was worth a try.}) 19... Bd7 20. Nh4 d5 21. e5 Rfc8 22. Rc1 Nxd3 23. cxd3 Qb7 24. Rxc8+ (24. Ra1 $142) 24... Rxc8 ({Don't take} 24... Bxc8 25. Bc5 $17) 25. b4 (25. Nf3 {is a better defense.}) 25... Bf8 26. Qd2 {[#]} d4 $1 {[%mdl 512] Black is clearly winning.} 27. Bxd4 Ng3 {White must now prevent ...Qh1+.} ({Not} 27... a5 28. bxa5 Ng3 29. Qg2 $19) 28. Rf3 Qd5 {Played: Ng3-f5} 0-1

[Event "WJCC U20 Girls 2019"]
[Site "New Delhi"]
[Date "2019.10.22"]
[Round "8.13"]
[White "Zhu, Jiner"]
[Black "Cervantes Landeiro, Thalia"]
[Result "1/2-1/2"]
[WhiteElo "2507"]
[BlackElo "2176"]
[Annotator "TA"]
[PlyCount "17"]
[EventDate "2019.10.15"]
[EventType "swiss"]
[EventCountry "IND"]
[SourceTitle "playchess.com"]
[Source "ChessBase"]
[SourceQuality "1"]

{[%evp 16,17,40,0]} 1. e4 c5 2. Nf3 d6 3. d4 cxd4 4. Nxd4 Nf6 5. Nc3 a6 6. Be3 Ng4 7. Bc1 Nf6 8. Be3 Ng4 $146 ({Predecessor:} 8... e6 9. Be2 Nbd7 10. a4 b6 11. O-O Bb7 12. f3 Be7 13. Qe1 Qc7 14. Qf2 O-O 15. Rfd1 Rfc8 16. Nb3 h6 17. Kh1 d5 18. exd5 Bxd5 19. Nxd5 Nxd5 20. c3 Nxe3 21. Qxe3 {½-½ (36) Ganguly,S (2638)-Vallejo Pons,F (2687) Changsha 2019}) 9. Bc1 1/2-1/2

[Event "WJCC U20 Girls 2019"]
[Site "New Delhi"]
[Date "2019.10.22"]
[Round "8.14"]
[White "Bauyrzhan, Arnash"]
[Black "Song, Yuxin"]
[Result "0-1"]
[WhiteElo "2075"]
[BlackElo "2292"]
[Annotator "RC"]
[PlyCount "125"]
[EventDate "2019.10.15"]
[EventType "swiss"]
[EventCountry "IND"]
[SourceTitle "playchess.com"]
[Source "ChessBase"]
[SourceQuality "1"]
[TimeControl "40/5400+30:1800+30"]

1. e4 {[%emt 0:00:00]} c5 {[%emt 0:00:00]} 2. Nf3 {[%emt 0:00:00]} d6 {[%emt 0:00:00]} 3. Bb5+ {[%emt 0:00:18]} Nd7 {[%emt 0:00:00]} 4. O-O {[%emt 0:00:47]} a6 {[%emt 0:00:00]} 5. Bd3 {[%emt 0:00:29]} Ngf6 {[%emt 0:00:14]} 6. c3 {[%emt 0:00:34]} b5 {[%emt 0:00:13]} 7. Bc2 {[%emt 0:00:47]} Bb7 {[%emt 0:00:45]} 8. Qe2 {[%emt 0:01:05]} c4 {[%emt 0:15:00]} 9. b3 {[%emt 0:13:01]} Qc7 {[%emt 0:13:08]} 10. d3 {[%emt 0:16:26]} cxd3 {[%emt 0:02:19]} 11. Bxd3 {[%emt 0:00:06]} Nc5 {[%emt 0:00:24]} 12. Nbd2 {[%emt 0:00:17]} e5 {[%emt 0:09:24]} 13. Bb2 {[%emt 0:12:34]} Be7 {[%emt 0:02:00]} 14. Rac1 {[%emt 0:00:38]} O-O {[%emt 0:15:02]} 15. c4 {[%emt 0:02:57]} b4 {[%emt 0:03:03]} 16. Ne1 {[%emt 0:04:11]} Qc6 {[%emt 0:01:06]} 17. Nc2 {[%emt 0:03:06]} a5 {[%emt 0:00:33]} 18. Ne3 {[%emt 0:02:24]} a4 {[%emt 0:06:40]} 19. Nd5 {[%emt 0:01:14]} Nxd5 {[%emt 0:00:11]} 20. cxd5 {[%emt 0:00:31]} Qb6 {[%emt 0:01:07]} 21. Nc4 {[%emt 0:08:30]} Qd8 {[%emt 0:00:58]} 22. Bc2 {[%emt 0:03:16]} Bg5 {[%emt 0:06:18]} 23. Rcd1 {[%emt 0:01:17]} Ba6 {[%emt 0:01:31]} 24. g3 {[%emt 0:05:34]} axb3 {[%emt 0:00:51]} 25. axb3 {[%emt 0:00:21]} Bxc4 {[%emt 0:02:24]} 26. Qxc4 {[%emt 0:00:22]} Qb6 {[%emt 0:00:44]} 27. Ra1 {[%emt 0:01:05]} Rfc8 {[%emt 0:02:05]} 28. Qe2 {[%emt 0:02:05]} Nb7 {[%emt 0:05:59]} 29. Kh1 {[%emt 0:03:35]} Rxa1 {[%emt 0:00:33]} 30. Rxa1 {[%emt 0:00:51]} Qc5 {[%emt 0:00:09]} 31. Bd1 {[%emt 0:00:56]} Rb8 {[%emt 0:04:34]} 32. Kg2 {[%emt 0:06:07]} g6 {[%emt 0:00:21]} 33. Qg4 {[%emt 0:03:01]} Bd2 34. Qe2 {[%emt 0:01:15]} Bc3 {[%emt 0:02:03]} 35. Rc1 {[%emt 0:00:40]} Na5 {[%emt 0:00:32]} 36. Qa6 {[%emt 0:04:26]} f5 {[%emt 0:01:47]} 37. Qd3 {[%emt 0:02:49]} Qd4 {[%emt 0:01:52]} 38. Qxd4 {[%emt 0:00:43]} exd4 {[%emt 0:00:01]} 39. Ba1 {[%emt 0:00:39]} fxe4 {[%emt 0:00:10]} 40. Rb1 {[%emt 0:00:23]} Rb5 {[%emt 0:01:46]} 41. Bb2 {[%emt 0:06:55]} Rxd5 {[%emt 0:01:20]} 42. Bc1 {[%emt 0:00:09]} h5 {[%emt 0:01:59]} 43. h4 {[%emt 0:01:17]} Nb7 {[%emt 0:01:28]} 44. g4 {[%emt 0:00:37]} hxg4 {[%emt 0:01:29]} 45. Bxg4 {[%emt 0:00:06]} Ra5 {[%emt 0:00:05]} 46. Kg3 {[%emt 0:01:28]} Nc5 {[%emt 0:02:49]} 47. Bf4 {[%emt 0:01:32]} Nd3 {[%emt 0:05:47]} 48. Bxd6 {[%emt 0:03:10]} Ra6 {[%emt 0:00:14]} 49. Be7 {[%emt 0:02:22]} Kf7 {[%emt 0:01:07]} 50. Bg5 {[%emt 0:00:26]} Be1 {[%emt 0:00:07]} 51. Be2 {[%emt 0:05:36]} Bxf2+ {[%emt 0:00:13]} 52. Kg2 {[%emt 0:03:29]} Ra2 {[%emt 0:00:54]} 53. Bxd3 {[%emt 0:00:07]} Be3+ {[%emt 0:01:19]} 54. Kg3 {[%emt 0:03:21]} exd3 {[%emt 0:00:18]} 55. Rd1 {[%emt 0:01:45]} Bxg5 {[%emt 0:03:04]} 56. hxg5 {[%emt 0:00:03]} Rc2 {[%emt 0:00:15]} 57. Kf4 {[%emt 0:00:31]} Rc3 {[%emt 0:00:06]} 58. Ke4 {[%emt 0:00:34]} Rxb3 {[%emt 0:00:07]} 59. Kxd4 {[%emt 0:00:08]} Rc3 {[%emt 0:00:31]} 60. Ke3 {[%emt 0:02:12]} Rc5 {[%emt 0:00:39]} 61. Rxd3 {[%emt 0:01:20]} Rc3 {[%emt 0:00:24]} 62. Rxc3 {[%emt 0:00:07]} bxc3 {[%emt 0:00:01]} 63. Kd4 0-1

[Event "WJCC U20 Girls 2019"]
[Site "New Delhi"]
[Date "2019.10.22"]
[Round "8.16"]
[White "Harshita Guddanti"]
[Black "Yakubbaeva, Nilufar"]
[Result "0-1"]
[WhiteElo "2123"]
[BlackElo "2281"]
[Annotator "TA"]
[PlyCount "76"]
[EventDate "2019.10.15"]
[EventType "swiss"]
[EventCountry "IND"]
[SourceTitle "playchess.com"]
[Source "ChessBase"]
[SourceQuality "1"]

{[%evp 13,75,22,27,19,48,48,48,48,43,51,41,34,62,36,79,30,65,55,58,46,105,89,105,105,105,102,100,47,111,63,63,75,62,0,0,0,0,-59,-54,-60,-63,-61,-62,-145,-134,-433,-410,-414,-397,-29988,-29989,-29989,-29990,-29990,-29991,-29991,-29992,-29998,-29999,-29999,-29998,-29998,-29999,-29999]} 1. e4 c5 2. Nf3 d6 3. d4 cxd4 4. Nxd4 Nf6 5. Nc3 a6 6. Bg5 e5 7. Nb3 Be7 8. Qd3 {B94: Sicilian Najdorf: 6 Bg5 Nbd7} Be6 9. Bxf6 Bxf6 10. O-O-O {White is slightly better.} Be7 11. g3 $146 ({Predecessor:} 11. Nd5 Bxd5 12. Qxd5 Qc7 13. Kb1 O-O 14. Na5 Nc6 15. Nc4 Rad8 {1-0 (50) Grischuk,A (2737)-Nepomniachtchi,I (2767) Doha 2016}) 11... Nd7 12. f4 Rc8 13. Kb1 b5 14. h4 (14. f5 $5 {[%cal Rf5e6]} Bc4 15. Qf3 $11) 14... O-O 15. f5 Bc4 16. Qf3 $1 Bxb3 ({Black should play} 16... b4 $14 17. Bxc4 bxc3 18. Qxc3 Qc7) 17. axb3 Qc7 18. Rh2 Nb6 19. g4 f6 20. Bd3 ({White should try} 20. Rg2 $16) 20... Qc5 (20... d5 $14) 21. Rdh1 Rcd8 {[%cal Bc8d8,Bd8b8,Bb8b5][%mdl 32]} 22. g5 d5 23. Qg4 ({Better is} 23. Qe2 $14) 23... d4 $11 24. Ne2 Nc4 25. bxc4 (25. gxf6 $11 Bxf6 26. Ng1 (26. bxc4 bxc4 27. Rg1 Rb8 $15)) 25... bxc4 $15 26. Nc1 Rb8 $1 {[%cal Rb8b2] ( -> ...Rxb2+!)} 27. Bxc4+ Qxc4 28. Nd3 {[#]} (28. Qg3 $15) 28... Rb5 $1 $17 29. h5 $2 {[%mdl 8192]} (29. b3 $17 {might work better.}) 29... Rfb8 $19 30. gxf6 Bxf6 31. h6 $2 {[#]} (31. Kc1 $19 h6 32. Qf3) 31... Rxb2+ $1 {[%mdl 512] Black mates.} 32. Nxb2 Qc3 {[%csl Gb8][%cal Rc3b2]} 33. Kc1 Qxb2+ 34. Kd1 Qc3 35. Qh5 Rb1+ 36. Ke2 Qxc2+ 37. Kf3 Rb3+ 38. Kg4 Qxe4# {Accuracy: White = 43%, Black = 62%.} 0-1

[Event "WJCC U20 Girls 2019"]
[Site "New Delhi"]
[Date "2019.10.22"]
[Round "8.17"]
[White "Kiolbasa, Oliwia"]
[Black "Katkov, Michelle"]
[Result "1-0"]
[WhiteElo "2223"]
[BlackElo "2106"]
[Annotator "RC"]
[PlyCount "109"]
[EventDate "2019.10.15"]
[EventType "swiss"]
[EventCountry "IND"]
[SourceTitle "playchess.com"]
[Source "ChessBase"]
[SourceQuality "1"]
[TimeControl "40/5400+30:1800+30"]

1. d4 Nf6 2. c4 e6 3. Nf3 b6 4. g3 Bb4+ 5. Bd2 a5 6. Bg2 O-O 7. O-O Ba6 8. b3 d5 9. Bg5 Be7 10. cxd5 exd5 11. Nc3 h6 12. Bxf6 Bxf6 13. Nxd5 Qxd5 14. Ne5 Qe6 15. Bxa8 c6 16. Rc1 Bxe5 17. dxe5 Rc8 18. Qd6 Bxe2 19. Bb7 Re8 20. Qxe6 Rxe6 21. Rfe1 Bf3 22. Bc8 Re8 23. Bh3 Bd5 24. Bg2 Bxg2 25. Kxg2 c5 26. Rcd1 Nc6 27. Rd6 Re6 28. Rxe6 fxe6 29. Rd1 Nd4 30. Rxd4 cxd4 31. Kf3 Kf7 32. Ke4 Kg6 33. Kxd4 Kf5 34. Kc4 Kxe5 35. Kb5 Ke4 36. Kxb6 Kf3 37. Kc5 Kxf2 38. a3 Kf3 39. Kd6 Kg2 40. b4 axb4 41. axb4 h5 42. b5 Kxh2 43. b6 Kxg3 44. b7 h4 45. b8=Q h3 46. Kxe6+ Kg2 47. Qb2+ Kh1 48. Qc1+ Kg2 49. Qd2+ Kg1 50. Qe1+ Kg2 51. Qe2+ Kh1 52. Qf1+ Kh2 53. Qf2+ Kh1 54. Qg3 h2 55. Qf2 1-0

[Event "WJCC U20 Girls 2019"]
[Site "New Delhi"]
[Date "2019.10.22"]
[Round "8.18"]
[White "Avetisyan, Mariam"]
[Black "Olde, Margareth"]
[Result "1/2-1/2"]
[WhiteElo "2110"]
[BlackElo "2205"]
[Annotator "RC"]
[PlyCount "85"]
[EventDate "2019.10.15"]
[EventType "swiss"]
[EventCountry "IND"]
[SourceTitle "playchess.com"]
[Source "ChessBase"]
[SourceQuality "1"]
[TimeControl "40/5400+30:1800+30"]

1. Nf3 {[%emt 0:00:00]} f5 {[%emt 0:00:00]} 2. d3 {[%emt 0:00:00]} Nc6 {[%emt 0:00:00]} 3. d4 {[%emt 0:03:33]} e6 {[%emt 0:00:22]} 4. c4 {[%emt 0:02:52]} Nf6 {[%emt 0:05:05]} 5. Nc3 {[%emt 0:03:53]} d5 {[%emt 0:02:47]} 6. Bf4 {[%emt 0:15:12]} a6 {[%emt 0:03:54]} 7. e3 {[%emt 0:02:50]} Be7 {[%emt 0:05:11]} 8. h3 {[%emt 0:01:59]} O-O {[%emt 0:01:31]} 9. Be2 {[%emt 0:04:20]} Bd7 {[%emt 0:08:38]} 10. O-O {[%emt 0:04:25]} Be8 {[%emt 0:01:37]} 11. Ng5 {[%emt 0:07:24]} Bd7 {[%emt 0:08:33]} 12. a3 {[%emt 0:07:53]} Na5 {[%emt 0:07:19]} 13. cxd5 {[%emt 0:07:11]} exd5 {[%emt 0:00:57]} 14. b4 {[%emt 0:01:54]} Nc6 {[%emt 0:03:45]} 15. Qb3 {[%emt 0:01:35]} Kh8 {[%emt 0:08:26]} 16. Rac1 {[%emt 0:09:41]} h6 17. Nf3 {[%emt 0:10:37]} Be6 {[%emt 0:06:41]} 18. Bd3 {[%emt 0:04:37]} Ne4 {[%emt 0:05:25]} 19. Qd1 {[%emt 0:01:47]} Bd6 {[%emt 0:04:09]} 20. Ne2 {[%emt 0:02:00]} Bf7 {[%emt 0:04:05]} 21. Ne5 {[%emt 0:01:23]} Bxe5 {[%emt 0:02:02]} 22. dxe5 {[%emt 0:01:14]} Bh5 {[%emt 0:09:47]} 23. f3 {[%emt 0:00:45]} Ng5 {[%emt 0:00:05]} 24. Nd4 {[%emt 0:01:19]} Nxd4 {[%emt 0:03:15]} 25. exd4 {[%emt 0:00:03]} Ne6 {[%emt 0:00:25]} 26. Be3 {[%emt 0:00:17]} f4 {[%emt 0:01:49]} 27. Bf2 {[%emt 0:00:03]} Qg5 {[%emt 0:02:13]} 28. Kh1 {[%emt 0:01:08]} Bg6 {[%emt 0:01:13]} 29. Bxg6 {[%emt 0:00:10]} Qxg6 {[%emt 0:00:02]} 30. Qc2 {[%emt 0:00:16]} Qh5 {[%emt 0:00:58]} 31. Qb3 {[%emt 0:00:36]} c6 {[%emt 0:01:07]} 32. a4 {[%emt 0:00:09]} Ng5 {[%emt 0:01:07]} 33. Kh2 {[%emt 0:00:09]} Ne6 {[%emt 0:02:01]} 34. Rfe1 {[%emt 0:01:10]} Rfc8 {[%emt 0:01:15]} 35. b5 {[%emt 0:00:49]} axb5 {[%emt 0:00:03]} 36. axb5 {[%emt 0:00:02]} Qe8 {[%emt 0:00:27]} 37. bxc6 {[%emt 0:01:03]} bxc6 {[%emt 0:00:04]} 38. Re2 {[%emt 0:00:27]} Rab8 {[%emt 0:00:57]} 39. Qa4 {[%emt 0:00:08]} Ra8 40. Qb3 {[%emt 0:00:02]} Rab8 {[%emt 0:00:39]} 41. Qc3 {[%emt 0:07:33]} Rb6 {[%emt 0:02:27]} 42. Rec2 {[%emt 0:03:03]} Rcb8 {[%emt 0:02:17]} 43. Qd2 {[%emt 0:07:30]} 1/2-1/2

[Event "WJCC U20 Girls 2019"]
[Site "New Delhi"]
[Date "2019.10.22"]
[Round "8.19"]
[White "Chitlange Sakshi"]
[Black "Nomindalai Tumurbaatar"]
[Result "1-0"]
[WhiteElo "2175"]
[BlackElo "2061"]
[Annotator "RC"]
[PlyCount "125"]
[EventDate "2019.10.15"]
[EventType "swiss"]
[EventCountry "IND"]
[SourceTitle "playchess.com"]
[Source "ChessBase"]
[SourceQuality "1"]
[TimeControl "40/5400+30:1800+30"]

1. d4 {[%emt 0:00:00]} d6 {[%emt 0:00:00]} 2. e4 {[%emt 0:00:00]} Nf6 {[%emt 0:00:00]} 3. Nc3 {[%emt 0:00:00]} e5 {[%emt 0:00:10]} 4. Nf3 {[%emt 0:00:00]} Nbd7 {[%emt 0:00:08]} 5. Bc4 {[%emt 0:00:13]} Be7 {[%emt 0:00:17]} 6. O-O {[%emt 0:00:17]} O-O {[%emt 0:00:11]} 7. Re1 {[%emt 0:01:22]} c6 {[%emt 0:00:12]} 8. a4 {[%emt 0:00:01]} a5 {[%emt 0:00:22]} 9. h3 {[%emt 0:00:08]} Qc7 {[%emt 0:00:14]} 10. Be3 {[%emt 0:00:30]} exd4 {[%emt 0:04:10]} 11. Nxd4 {[%emt 0:00:49]} Nc5 {[%emt 0:01:41]} 12. Qf3 {[%emt 0:04:35]} Be6 {[%emt 0:14:13]} 13. Bf1 {[%emt 0:08:52]} Rae8 {[%emt 0:05:46]} 14. Rad1 {[%emt 0:10:14]} Kh8 {[%emt 0:08:29]} 15. Bf4 {[%emt 0:06:10]} Nfd7 {[%emt 0:01:08]} 16. Nd5 {[%emt 0:08:28]} cxd5 {[%emt 0:12:36]} 17. exd5 {[%emt 0:00:02]} Ne5 {[%emt 0:05:25]} 18. Bxe5 {[%emt 0:00:47]} dxe5 {[%emt 0:00:15]} 19. Nb5 {[%emt 0:00:35]} Qb6 {[%emt 0:00:48]} 20. dxe6 {[%emt 0:00:54]} fxe6 {[%emt 0:00:56]} 21. Qe3 {[%emt 0:01:23]} e4 {[%emt 0:07:12]} 22. c3 {[%emt 0:04:45]} Bh4 {[%emt 0:09:05]} 23. Rd6 {[%emt 0:05:12]} Bxf2+ {[%emt 0:03:52]} 24. Qxf2 {[%emt 0:00:02]} Rxf2 {[%emt 0:00:05]} 25. Rxb6 {[%emt 0:00:13]} Rxb2 {[%emt 0:00:04]} 26. Rd6 {[%emt 0:01:58]} g6 {[%emt 0:01:29]} 27. Nc7 {[%emt 0:00:30]} Re7 {[%emt 0:00:30]} 28. Rd8+ {[%emt 0:00:30]} Kg7 29. Ne8+ {[%emt 0:11:17]} Kh6 {[%emt 0:01:00]} 30. Nf6 {[%emt 0:00:18]} Rf7 {[%emt 0:00:25]} 31. Ng4+ {[%emt 0:04:35]} Kg7 {[%emt 0:01:56]} 32. Ne5 {[%emt 0:06:52]} Rff2 {[%emt 0:00:41]} 33. Nc4 {[%emt 0:03:48]} Ra2 {[%emt 0:00:18]} 34. Nxa5 {[%emt 0:01:23]} Nxa4 {[%emt 0:09:06]} 35. Rd7+ {[%emt 0:00:51]} Kh6 {[%emt 0:01:04]} 36. Nxb7 {[%emt 0:06:03]} Nxc3 {[%emt 0:01:03]} 37. Nc5 {[%emt 0:02:00]} Rf5 {[%emt 0:10:45]} 38. Bc4 {[%emt 0:04:24]} Rxc5 {[%emt 0:02:38]} 39. Bxa2 {[%emt 0:00:01]} Nxa2 {[%emt 0:00:06]} 40. Rxe4 {[%emt 0:00:14]} Nc3 {[%emt 0:00:47]} 41. Rxe6 {[%emt 0:31:09]} Nd5 {[%emt 0:02:13]} 42. h4 {[%emt 0:00:00]} Nf4 {[%emt 0:08:00]} 43. Re4 {[%emt 0:00:00]} g5 {[%emt 0:08:17]} 44. hxg5+ {[%emt 0:00:00]} Kxg5 {[%emt 0:00:06]} 45. Rxh7 {[%emt 0:00:00]} Nh5 {[%emt 0:00:20]} 46. Rhe7 {[%emt 0:00:00]} Rc1+ {[%emt 0:00:21]} 47. Kh2 {[%emt 0:00:00]} Nf6 {[%emt 0:00:05]} 48. Re1 {[%emt 0:00:00]} Ng4+ {[%emt 0:01:46]} 49. Kh3 {[%emt 0:00:00]} Rc3+ {[%emt 0:00:38]} 50. g3 {[%emt 0:00:00]} Nf2+ {[%emt 0:00:42]} 51. Kg2 {[%emt 0:00:00]} Nd3 {[%emt 0:00:06]} 52. R1e2 {[%emt 0:00:00]} Nc1 {[%emt 0:00:55]} 53. R2e5+ {[%emt 0:00:10]} Kf6 {[%emt 0:00:04]} 54. R7e6+ {[%emt 0:00:12]} Kf7 {[%emt 0:00:02]} 55. Ra6 {[%emt 0:00:57]} Nd3 {[%emt 0:00:21]} 56. Rb5 {[%emt 0:00:39]} Rc2+ {[%emt 0:00:38]} 57. Kf3 {[%emt 0:01:10]} Rc7 {[%emt 0:00:06]} 58. Rba5 {[%emt 0:01:33]} Rc3 {[%emt 0:00:23]} 59. Ra3 {[%emt 0:00:39]} Ne5+ {[%emt 0:00:27]} 60. Ke4 {[%emt 0:00:26]} Rc5 {[%emt 0:00:10]} 61. R3a5 {[%emt 0:00:26]} Nd7 {[%emt 0:00:11]} 62. Ra7 {[%emt 0:00:24]} Ke6 {[%emt 0:00:10]} 63. Rxc5 {[%emt 0:01:07] Kd5+} 1-0

[Event "WJCC U20 Girls 2019"]
[Site "New Delhi"]
[Date "2019.10.22"]
[Round "8.20"]
[White "Ferkova, Dominika"]
[Black "Priyanka, Kumari"]
[Result "0-1"]
[WhiteElo "2096"]
[BlackElo "1921"]
[Annotator "NA"]
[PlyCount "90"]
[EventDate "2019.10.15"]
[EventType "swiss"]
[EventCountry "IND"]
[SourceTitle "playchess.com"]
[Source "ChessBase"]
[SourceQuality "1"]
[TimeControl "40/5400+30:1800+30"]

1. d4 {[%emt 0:00:00]} Nf6 {[%emt 0:00:00]} 2. c4 {[%emt 0:00:00]} g6 {[%emt 0:00:00]} 3. Nc3 {[%emt 0:00:00]} Bg7 {[%emt 0:00:00]} 4. e4 {[%emt 0:00:00]} d6 {[%emt 0:00:00]} 5. f3 {[%emt 0:00:03]} O-O {[%emt 0:00:07]} 6. Be3 {[%emt 0:00:03]} c5 {[%emt 0:00:18]} 7. dxc5 {[%emt 0:00:31]} dxc5 {[%emt 0:00:28]} 8. Qxd8 {[%emt 0:00:07]} Rxd8 {[%emt 0:00:06]} 9. e5 {[%emt 0:00:23]} Nfd7 {[%emt 0:06:58]} 10. f4 {[%emt 0:01:23]} Nc6 {[%emt 0:01:54]} 11. O-O-O {[%emt 0:01:10]} b6 {[%emt 0:04:11]} 12. Bd3 $14 {[%emt 0:03:37]} Bb7 {[%emt 0:05:37]} 13. Be4 {[%emt 0:00:35]} Nf8 {[%emt 0:03:13]} 14. Nf3 {[%emt 0:04:47]} Ne6 {[%emt 0:08:42]} 15. g4 {[%emt 0:07:31]} Rab8 {[%emt 0:21:36]} 16. Rxd8+ {[%emt 0:23:42]} Ncxd8 {[%emt 0:06:22]} 17. Bxb7 {[%emt 0:11:52]} Rxb7 {[%emt 0:02:12]} 18. f5 {[%emt 0:03:34]} Nd4 {[%emt 0:06:32]} 19. Bxd4 {[%emt 0:03:38]} cxd4 {[%emt 0:00:14]} 20. Ne4 {[%emt 0:02:18]} Rc7 {[%emt 0:11:31]} 21. b3 {[%emt 0:04:14]} Bh6+ {[%emt 0:01:04]} 22. Kc2 {[%emt 0:10:32]} Nc6 {[%emt 0:03:18]} 23. a3 {[%emt 0:00:19]} Bf4 {[%emt 0:03:04]} 24. e6 {[%emt 0:00:33]} fxe6 {[%emt 0:00:58]} 25. fxe6 {[%emt 0:00:02]} Rc8 {[%emt 0:01:31]} 26. Kd3 {[%emt 0:03:35]} Rf8 {[%emt 0:01:58]} 27. Rf1 {[%emt 0:00:44]} Bc1 {[%emt 0:02:47]} 28. Ke2 {[%emt 0:08:58]} Bxa3 {[%emt 0:00:50]} 29. Rd1 {[%emt 0:00:05]} Rf4 {[%emt 0:01:31]} 30. Nf2 {[%emt 0:00:16]} Bc5 {[%emt 0:01:48]} 31. h3 {[%emt 0:05:01]} Rf6 {[%emt 0:03:31]} 32. Ne4 {[%emt 0:03:27]} Rxe6 {[%emt 0:00:40]} 33. Nfd2 {[%emt 0:00:30]} Bb4 {[%emt 0:02:09]} 34. Kd3 {[%emt 0:00:54]} Bxd2 {[%emt 0:00:49]} 35. Rxd2 {[%emt 0:00:24]} Ne5+ {[%emt 0:00:29]} 36. Kc2 {[%emt 0:00:10]} Nf3 {[%emt 0:00:35]} 37. Re2 {[%emt 0:01:00]} Ng5 {[%emt 0:00:10]} 38. Ng3 {[%emt 0:00:14]} Rxe2+ {[%emt 0:00:54]} 39. Nxe2 {[%emt 0:00:03]} e5 {[%emt 0:00:26]} 40. h4 {[%emt 0:00:43]} Ne6 {[%emt 0:00:45]} 41. b4 {[%emt 0:30:22]} a5 {[%emt 0:08:11]} 42. Kb3 {[%emt 0:00:00]} axb4 {[%emt 0:03:45]} 43. Kxb4 {[%emt 0:00:00]} e4 {[%emt 0:00:37]} 44. Kb5 {[%emt 0:00:00]} d3 {[%emt 0:00:25]} 45. Nc1 {[%emt 0:00:00]} d2 {[%emt 0:00:10]} 0-1